FIFA強豪国愛称 - Statistics

General Stats
  • This quiz has been taken 235 times
  • The average score is 9 of 10
Answer Stats
FIFAランク 愛称 % Correct
10位 無敵艦隊 スペイン
98%
1位 カナリア軍団 ブラジル
97%
2位 ラ・セレシオン アルビセレステスなど アルゼンチン
97%
3位 レ・ブルー フランス
95%
8位 アズーリ イタリア
89%
6位 オランイェ オランダ
88%
5位 スリーライオンズ イングランド
87%
4位 赤い悪魔 ベルギー
83%
9位 ロス・ロボスなど ポルトガル
83%
7位 ヴァトレニ クロアチア
56%
No matching quizzes found
Score Distribution
Percent of People with Each Score
Percentile by Number Answered
Your Score History
You have not taken this quiz